[Event "AUTO-ADV-520"]
[Site "http://www.queenalice.com/game.php?id=222529"]
[Date "2007.6.8"]
[Round "1"]
[White "plug"]
[Black "maikorech"]
[Result "0-1"]
[WhiteElo "1751"]
[BlackElo "1884"]

1. e4 e5 2. Nf3 Nc6 3. Bb5 a6 4. Ba4 Nf6 5. O-O Bc5 6. d3 O-O 7. c3 b5 8. Bc2 d6
9. h3 Bb6 10. Bg5 h6 11. Bh4 Qe7 12. Qd2 a5 13. a3 Bb7 14. Re1 a4 15. Nh2 Na5
16. Ng4 Qe6 17. Nxf6+ Kh8 18. Ng4 c5 19. Ne3 c4 20. Nf5 d5 21. Qe2 cxd3 22. Bxd3
Nb3 23. Ra2 g6 24. Nxh6 Nc5 25. Bc2 dxe4 26. Ng4 Qxa2 27. Qxb5 Qe6 28. Bf6+ Kh7
29. Bxe5 f5 30. Ne3 Ba6 31. Qb4 Qxe5 32. Qxb6 Rab8 33. Qc6 Rxb2 34. c4 Bb7 35.
Qb5 Rxb5 36. cxb5 Qb2 37. Kf1 f4 0-1

[Event "AUTO-ADV-520"]
[Site "http://www.queenalice.com/game.php?id=222530"]
[Date "2007.6.8"]
[Round "1"]
[White "maikorech"]
[Black "plug"]
[Result "1-0"]
[WhiteElo "1895"]
[BlackElo "1762"]

1. e4 e5 2. Nf3 Nc6 3. d4 exd4 4. Nxd4 d6 5. Bb5 Bd7 6. O-O Nxd4 7. Bxd7+ Qxd7
8. Qxd4 Nf6 9. Re1 Be7 10. Nc3 O-O 11. b3 Ng4 12. Bb2 Bf6 13. Qd2 Rfe8 14. f3
Nh6 15. a4 c6 16. Red1 Rad8 17. a5 Kf8 18. Qf2 c5 19. Na4 Qe7 20. Bxf6 Qxf6 21.
b4 b5 22. axb6 axb6 23. Nxb6 cxb4 24. Nd5 Qe6 25. Nc7 Qf6 26. Nxe8 Kxe8 27. Rd4
Ng8 28. Qd2 Ne7 29. Ra6 Nc8 30. Ra8 Qe7 31. Qxb4 Qf6 32. e5 Qxe5 33. Re4 1-0

[Event "AUTO-ADV-520"]
[Site "http://www.queenalice.com/game.php?id=222531"]
[Date "2007.6.8"]
[Round "1"]
[White "plug"]
[Black "alvarogoulart"]
[Result "0-1"]
[WhiteElo "1741"]
[BlackElo "1756"]

1. e4 e5 2. Nf3 d6 3. Bc4 h6 4. d4 exd4 5. Nxd4 c5 6. Nb3 Nf6 7. Nc3 Be7 8. h3
Nc6 9. a3 Ne5 10. Be2 O-O 11. Nd5 Nxe4 12. Nxe7+ Qxe7 13. Bf4 Qf6 14. Be3 Be6
15. Nd2 Bd5 16. O-O Nxd2 17. Qxd2 Bc6 18. b3 Rae8 19. f4 Ng6 20. Rae1 Re4 21.
Bd3 Re7 22. Qf2 Rfe8 23. Bd2 Nh4 24. Rxe7 Rxe7 25. Bc3 Qxc3 26. Qxh4 Qf6 27.
Qxf6 gxf6 28. f5 Re5 29. Rf4 a6 30. Rg4+ Kh7 31. Rf4 Bb5 32. c4 Bc6 33. Rf1 Re3
34. Bc2 Be4 35. Rf2 Bxc2 36. Rxc2 Rxb3 37. Rd2 Rxa3 38. Rxd6 Kg7 39. Rb6 Rc3 40.
Rxb7 Rxc4 41. Rb6 a5 42. Rb5 a4 43. Ra5 h5 44. Kf2 Rf4+ 45. Ke3 Rxf5 46. Rxa4
Kg6 47. h4 Rd5 48. Rc4 Rd4 49. Rxc5 Rxh4 50. Kf3 f5 51. g3 Ra4 52. Ke3 Kg5 53.
Rc7 f6 54. Rg7+ Kh6 55. Rd7 Kg6 56. Kf2 f4 57. Rd3 fxg3+ 58. Rxg3+ Rg4 59. Rd3
Kg5 60. Rd5+ f5 61. Ke3 h4 62. Rd8 Rg3+ 63. Kf2 Kg4 64. Rd4+ f4 65. Rd1 Rf3+ 66.
Ke2 h3 67. Rh1 Rg3 68. Kf2 Rg2+ 69. Kf1 f3 70. Rg1 Kg3 71. Rh1 h2 72. Rxh2 Rxh2
73. Kg1 Ra2 74. Kf1 Ra1# 0-1

[Event "AUTO-ADV-520"]
[Site "http://www.queenalice.com/game.php?id=222532"]
[Date "2007.6.8"]
[Round "1"]
[White "alvarogoulart"]
[Black "plug"]
[Result "1-0"]
[WhiteElo "1723"]
[BlackElo "1758"]

1. e4 e5 2. Bc4 Nf6 3. d3 d5 4. exd5 Nxd5 5. Nf3 Nc6 6. O-O Bg4 7. h3 Bxf3 8.
Qxf3 Nd4 9. Qxd5 Qxd5 10. Bxd5 Nxc2 11. Bxb7 Rd8 12. Bc6+ Ke7 13. Be3 Nxa1 14.
Ba4 Kf6 15. Nc3 a6 16. Rxa1 Rxd3 17. Ne4+ Kg6 18. Ng3 Rd8 19. Bc2+ Kf6 20. Ne4+
Ke7 21. Re1 Rd5 22. Nc5 a5 23. Bb3 Rd8 24. Na6 Rc8 25. Bc5+ Kf6 26. Bxf8 Rhxf8
27. Re4 Rfd8 28. Nc5 Rd2 29. Nb7 Rxb2 30. Nxa5 Rb1+ 31. Kh2 Rb2 32. Nc4 Re8 33.
Nxb2 g6 34. g4 Kg7 35. Nd3 f6 36. f4 Rd8 37. Bc4 c6 38. fxe5 fxe5 39. Rxe5 Kf8
40. Kg3 Rd4 41. Rc5 Rd6 42. Ne5 Kg7 43. Nxc6 Rd1 44. a4 h6 45. a5 Ra1 46. a6
Ra3+ 47. Kf4 Kf8 48. a7 Ra4 49. Na5 1-0

[Event "feripe"]
[Site "http://www.queenalice.com/game.php?id=241149"]
[Date "2007.7.17"]
[Round "3"]
[White "plug"]
[Black "JAVA"]
[Result "1-0"]
[WhiteElo "1743"]
[BlackElo "1728"]

1. e4 e5 2. Nf3 d6 3. Bc4 Bg4 4. d3 h6 5. Nc3 Nf6 6. h3 a6 7. hxg4 Nxg4 8. a4 c6
9. Bxf7+ Kxf7 10. Nh4 Qf6 11. f3 Nf2 12. Kxf2 Be7 13. Nf5 d5 14. Rh5 Nd7 15. Kf1
Ke6 16. exd5+ cxd5 17. Nxe7 Qxe7 18. Qe2 g5 19. b3 Nf6 20. Bb2 Nxh5 21. Qe1 Rhf8
22. Kg1 Qc5+ 23. Kh2 Rae8 24. Ba3 Qd4 25. Bxf8 Rxf8 26. Ne2 Qb6 27. d4 e4 28.
fxe4 Qc7+ 29. Kg1 Nf6 30. exd5+ Nxd5 31. Nf4+ Kd7 32. Qe6+ Kd8 33. Qxd5+ Kc8 34.
Ne6 Qe7 35. Nxf8 Qxf8 36. Rf1 1-0

[Event "sara vs plug"]
[Site "http://www.queenalice.com/game.php?id=280322"]
[Date "2007.10.2"]
[Round "-"]
[White "saraquette"]
[Black "plug"]
[Result "1-0"]
[WhiteElo "1765"]
[BlackElo "1726"]

1. d4 Nf6 2. Nf3 b6 3. c4 e6 4. a3 Bb7 5. e3 Be7 6. Bd3 d5 7. b4 c5 8. bxc5 bxc5
9. O-O O-O 10. Ne5 Nbd7 11. Nf3 h6 12. Qc2 Bd6 13. Nc3 Nb6 14. Na4 Bc6 15. Nb2
Re8 16. Ne5 Bb7 17. h3 Rc8 18. Bd2 Nbd7 19. f4 Rf8 20. Nf3 Kh8 21. Rfe1 Nh5 22.
Kf2 Be7 23. e4 Bh4+ 24. Nxh4 Qxh4+ 25. Kg1 Nxf4 26. Bxf4 Qxf4 27. Rf1 Qe3+ 28.
Qf2 Qxd4 29. Qxd4 cxd4 30. exd5 exd5 31. Rf4 Ne5 32. Rxd4 Nxd3 33. Nxd3 dxc4 34.
Nb4 Rfe8 35. Kf2 a5 36. Nc2 Kg8 37. Rad1 Be4 38. Rc1 Re5 39. Ne3 Bd3 40. Rxd3
Rec5 41. Rdc3 R8c6 42. Rxc4 Rf6+ 43. Kg1 Rb5 44. Rc5 Rb3 45. R5c3 Rfb6 46. Nc4
Rxc3 47. Rxc3 Rb1+ 48. Kh2 Rb5 49. Nd6 Rb8 50. Rc5 Rd8 51. Nb7 Rb8 52. Nxa5 Ra8
53. Nc4 Kf8 54. Ra5 Rc8 55. Nb6 Rc3 56. Nd5 Rc8 57. Nb6 Rc7 58. Ra8+ 1-0

[Event "feripe"]
[Site "http://www.queenalice.com/game.php?id=282239"]
[Date "2007.10.6"]
[Round "4"]
[White "feripe"]
[Black "plug"]
[Result "0-1"]
[WhiteElo "1788"]
[BlackElo "1712"]

1. d4 Nf6 2. Nf3 e6 3. c4 b6 4. Nc3 Bb7 5. d5 Be7 6. Be3 Na6 7. a3 O-O 8. g3 d6
9. Bg2 Ng4 10. Bd2 exd5 11. Nd4 c6 12. cxd5 c5 13. Nf5 Bf6 14. e4 Ne5 15. Bf4
Nb8 16. g4 Bc8 17. g5 Bxg5 18. Bxg5 Qxg5 19. Rg1 Qf6 20. Bh3 Ng6 21. Qd2 Bxf5
22. Bxf5 Re8 23. O-O-O Nh4 24. Qg5 Qxg5+ 25. Rxg5 Nxf5 26. Rxf5 a6 27. Rg1 Nd7
28. f3 Ne5 29. Ne2 g6 30. Kc2 Nc4 31. Rf6 Rad8 32. Kc3 b5 33. h4 Kg7 34. Rf4 Ne5
35. h5 b4+ 36. Kc2 a5 37. Rg3 Rc8 38. h6+ Kg8 39. Rf6 Red8 40. f4 Nc4 41. f5 Ne5
42. fxg6 fxg6 43. Nf4 Rf8 44. Nh5 Kh8 45. Rxf8+ Rxf8 46. Ng7 Rf2+ 47. Kb3 Kg8
48. Ne6 Nf3 49. Ka2 Ne5 50. axb4 axb4 51. Kb3 Nf7 52. Nc7 Rf4 53. Re3 Nxh6 54.
Nb5 Nf7 55. Ka4 Kf8 56. Nc7 Ke7 57. Ne6 Rf1 58. Rh3 h5 59. Rg3 Ne5 60. Kb5 Ra1
61. Nf4 Kf6 62. Kb6 Ng4 63. Rf3 Ke5 64. Nxg6+ Kxe4 65. Rh3 Nf6 66. Ne7 Rg1 67.
Kc6 Ke5 68. Re3+ Ne4 69. Nc8 Kd4 70. Re2 Rg6 71. Rh2 Rh6 72. Ne7 Ke5 73. Re2 c4
74. Re3 Rh7 75. Nc8 Rh6 76. Ne7 Kd4 0-1

[Event "AUTO-ADV-1966"]
[Site "http://www.queenalice.com/game.php?id=856934"]
[Date "2010.11.9"]
[Round "1"]
[White "Santista38"]
[Black "plug"]
[Result "0-1"]
[WhiteElo "1857"]
[BlackElo "1796"]

1. d4 Nf6 2. Bf4 c5 3. dxc5 Qa5+ 4. Nc3 Ne4 5. Bd2 Nxd2 6. Qxd2 Qxc5 7. e3 e5 8.
Qd5 d6 9. Bc4 Qxd5 10. Nxd5 Kd8 11. O-O-O Be6 12. Bb3 Be7 13. Nxe7 Kxe7 14. Rd3
Nc6 15. Bxe6 Kxe6 16. Nh3 h6 17. Rhd1 Rhd8 18. e4 Rac8 19. Kb1 Nb4 20. Rc3 Rxc3
21. bxc3 Na6 22. f4 Ke7 23. f5 Nc5 24. Nf2 g6 25. g4 Na4 26. Rd3 Rc8 27. Nd1 Rc5
28. h4 a6 29. a3 Rb5+ 30. Ka2 Rc5 31. Kb3 b5 32. Kb4 Rc4+ 33. Kb3 Rxe4 34. Rg3
gxf5 35. g5 Rxh4 36. gxh6 Rxh6 37. c4 Nc5+ 38. Kb4 bxc4 39. Kxc4 Rh4+ 40. Kc3
Ne4+ 0-1

[Event "AUTO-ADV-1966"]
[Site "http://www.queenalice.com/game.php?id=856935"]
[Date "2010.11.9"]
[Round "1"]
[White "plug"]
[Black "Santista38"]
[Result "1-0"]
[WhiteElo "1814"]
[BlackElo "1936"]

1. e4 e5 2. Nf3 d6 3. d4 exd4 4. Nxd4 Bd7 5. Nc3 Nc6 6. Be3 Be7 7. Be2 Bf6 8.
O-O Bxd4 9. Bxd4 Nxd4 10. Qxd4 Bc6 11. Qxg7 Qf6 12. Qg3 O-O-O 13. a4 Qg6 14.
Qxg6 fxg6 15. b4 Nf6 16. f3 a6 17. b5 axb5 18. axb5 Be8 19. b6 cxb6 20. Ra8+ Kc7
21. Rxd8 Kxd8 22. Ra1 Kc7 23. Ra8 Rg8 24. Ra1 Bc6 25. Nd1 Nh5 26. Bc4 Re8 27. g3
Re7 28. Nc3 Nf6 29. Ra8 Nd7 30. Kf2 Ne5 31. Bb3 Re8 32. Rxe8 Bxe8 33. Nd5+ Kc6
34. Nf6 Bf7 35. Bxf7 Nxf7 36. Nxh7 g5 37. Nf6 b5 38. Ke3 Kc5 39. c3 Kc4 40. Nd5
Ne5 41. h4 gxh4 42. gxh4 Ng6 43. h5 Nf8 44. Kd2 Ne6 45. h6 Ng5 46. Ke3 Nh7 47.
f4 Kc5 48. f5 Kc4 49. f6 Kc5 50. Kf4 Kc6 51. Kf5 Nf8 52. Ne7+ Kd7 53. Ng6 Nh7
54. f7 1-0

[Event "AUTO-ADV-1966"]
[Site "http://www.queenalice.com/game.php?id=856950"]
[Date "2010.11.9"]
[Round "1"]
[White "toin"]
[Black "plug"]
[Result "0-1"]
[WhiteElo "1759"]
[BlackElo "1754"]

1. d4 Nf6 2. Nc3 e6 3. Bg5 Bb4 4. Bd2 Nc6 5. a3 Ba5 6. b4 Bb6 7. Be3 d5 8. Na4
Ne7 9. Nxb6 cxb6 10. Qd3 O-O 11. Bg5 Ne4 12. Bf4 Ng6 13. Bg3 Qf6 14. Nf3 Bd7 15.
Nd2 Nxg3 16. hxg3 h6 17. f4 Ne7 18. Nf3 Nf5 19. Ne5 Bc6 20. g4 Nd6 21. g3 Bb5
22. g5 Qf5 23. Qxf5 Nxf5 24. Rh3 Ne3 25. Rc1 f6 26. Ng6 Rfe8 27. gxh6 Kf7 28.
Nh4 Rh8 0-1

[Event "AUTO-ADV-1966"]
[Site "http://www.queenalice.com/game.php?id=856951"]
[Date "2010.11.9"]
[Round "1"]
[White "plug"]
[Black "toin"]
[Result "1-0"]
[WhiteElo "1731"]
[BlackElo "1905"]

1. e4 d5 2. exd5 Qxd5 3. Nc3 Qd8 4. d4 c6 5. Bc4 Bf5 6. Nf3 e6 7. O-O Bg4 8. Be3
Bd6 9. Be2 Qc7 10. g3 Bb4 11. Ne5 Bxe2 12. Qxe2 Nd7 13. Nf3 h6 14. Qc4 Ba5 15.
Ne4 Nb6 16. Qe2 Nd5 17. c4 Ndf6 18. Nc5 a6 19. a3 Bb6 20. b4 Bxc5 21. bxc5 Ne7
22. Bf4 Qa5 23. Rfb1 Ng6 24. Bd6 Ne7 25. Bxe7 Kxe7 26. Rxb7+ Nd7 27. Ne5 Rhd8
28. Nxc6+ 1-0

[Event "AUTO-ADV-1966"]
[Site "http://www.queenalice.com/game.php?id=856962"]
[Date "2010.11.9"]
[Round "1"]
[White "plug"]
[Black "geniolucio"]
[Result "1-0"]
[WhiteElo "1782"]
[BlackElo "1724"]

1. e4 c5 2. c3 Nc6 3. d4 cxd4 4. cxd4 e6 5. d5 exd5 6. exd5 Ne5 7. Nc3 Bb4 8.
Qd4 Bxc3+ 9. Qxc3 d6 10. Nf3 Nf6 11. Bc4 Bd7 12. Nxe5 dxe5 13. Qxe5+ Qe7 14.
Qxe7+ Kxe7 15. Bg5 Rac8 16. Bb3 Rhd8 17. O-O Kf8 18. Bxf6 gxf6 19. Rfe1 Bf5 20.
f3 Rd6 21. Rac1 Rxc1 22. Rxc1 a5 23. Rd1 b5 24. a3 a4 25. Ba2 Bc2 26. Rd2 Bb3
27. Bb1 h5 28. Be4 Bc4 29. Kf2 h4 30. g4 hxg3+ 31. hxg3 Kg7 32. g4 Kh6 33. f4
Kg7 34. Ke3 Bf1 35. Rh2 Kf8 36. Kd4 Bc4 37. Kc5 Ke7 38. Rh8 Be2 39. g5 fxg5 40.
fxg5 Bd1 41. Rh7 Bb3 42. g6 Kf8 43. Rxf7+ Kg8 44. Rb7 Rxg6 45. Bxg6 1-0

[Event "AUTO-ADV-1966"]
[Site "http://www.queenalice.com/game.php?id=856963"]
[Date "2010.11.9"]
[Round "1"]
[White "geniolucio"]
[Black "plug"]
[Result "0-1"]
[WhiteElo "1673"]
[BlackElo "1770"]

1. e4 e5 2. Nf3 Nc6 3. Bb5 a6 4. Ba4 Nf6 5. Bxc6 dxc6 6. Nxe5 Qd4 7. f4 Qxe4+ 8.
Qe2 Qxe2+ 9. Kxe2 Bg4+ 10. Ke3 Nd5+ 11. Ke4 f5+ 12. Kd4 Bh5 13. d3 O-O-O 14. h3
Nxf4+ 15. Ke3 Nd5+ 16. Kd2 Re8 17. d4 Bb4+ 18. c3 Bd6 19. Kc2 Bxe5 20. dxe5 Rxe5
21. Bf4 Nxf4 22. Nd2 Rhe8 23. g3 Ng2 24. Rh2 Ne3+ 25. Kb3 Bf7+ 26. Kb4 Nc2+ 27.
Ka4 Nxa1 28. Nc4 Bxc4 29. b3 Bb5+ 30. Ka3 Re2 31. Rxe2 Rxe2 32. c4 c5 33. cxb5
axb5 34. g4 fxg4 35. hxg4 b4+ 36. Ka4 c6 37. a3 Ra2 38. Ka5 Nxb3+ 39. Kb6 Rxa3
40. g5 Ra6# 0-1

[Event "AUTO-ADV-1966"]
[Site "http://www.queenalice.com/game.php?id=911917"]
[Date "2011.3.12"]
[Round "2"]
[White "plug"]
[Black "Michihall"]
[Result "1/2-1/2"]
[WhiteElo "1849"]
[BlackElo "1841"]

1. e4 e5 2. Nf3 Nc6 3. Bb5 Nge7 4. O-O g6 5. c3 Bg7 6. d4 exd4 7. cxd4 O-O 8.
Nc3 a6 9. Ba4 b5 10. Bb3 Bb7 11. Bg5 h6 12. Bf4 Kh8 13. Qd2 g5 14. Be3 f5 15.
Nxg5 hxg5 16. Bxg5 fxe4 17. Ne2 Rf5 18. Ng3 Rf8 19. Bh6 Nf5 20. Bxg7+ Kxg7 21.
Nh5+ Kg6 22. Nf4+ Kf6 23. Bd5 Qe7 24. Nh5+ Kg6 25. Nf4+ Kg7 26. Rfe1 Nfxd4 27.
Rxe4 Qd6 28. Rae1 Rf5 29. Rxd4 Nxd4 30. Qxd4+ Qf6 31. Re7+ Kf8 32. Rf7+ Qxf7 33.
Bxf7 Rxf7 34. Qh8+ Ke7 35. Ng6+ Kd6 36. Qe5+ Kc6 37. Qc3+ Kd6 38. Qe5+ Kc6 39.
Ne7+ Kb6 40. Nd5+ Bxd5 41. Qxd5 Raf8 42. f3 c6 43. Qd4+ c5 44. Qd6+ Kb7 45. Qxc5
Rf5 46. Qe7 Kc7 47. Qe3 Kb7 48. Qe4+ Kc7 49. Qe3 Kb7 50. Qd3 Kc7 51. Qe3 1/2-1/2

[Event "AUTO-ADV-1966"]
[Site "http://www.queenalice.com/game.php?id=911918"]
[Date "2011.3.12"]
[Round "2"]
[White "Michihall"]
[Black "plug"]
[Result "0-1"]
[WhiteElo "1850"]
[BlackElo "1835"]

1. d4 Nf6 2. c4 e6 3. Nc3 Bb4 4. Qc2 Nc6 5. Nf3 d6 6. Bd2 O-O 7. a3 Bxc3 8. Bxc3
Qe7 9. e3 e5 10. d5 Nb8 11. e4 Nh5 12. g3 f5 13. Be2 f4 14. Nh4 Qf7 15. O-O Bh3
16. Rfe1 fxg3 17. f3 gxh2+ 18. Kxh2 Qf4+ 0-1

[Event "AUTO-ADV-1966"]
[Site "http://www.queenalice.com/game.php?id=911919"]
[Date "2011.3.12"]
[Round "2"]
[White "plug"]
[Black "maubert"]
[Result "0-1"]
[WhiteElo "1849"]
[BlackElo "2211"]

1. e4 c5 2. c3 Nf6 3. e5 Nd5 4. Na3 Nc6 5. Nf3 g6 6. Qb3 e6 7. d4 cxd4 8. cxd4
Bb4+ 9. Bd2 Bxd2+ 10. Nxd2 Nxd4 11. Qd3 Nc6 12. Nac4 O-O 13. Be2 Qc7 14. Nf3 b5
15. Ncd2 Nxe5 16. Nxe5 Qxe5 17. Qxb5 Rb8 18. Nc4 Qxe2+ 19. Kxe2 Rxb5 20. b3 Ba6
21. Kf3 Rc5 22. Rac1 Rfc8 23. Rcd1 Bxc4 24. bxc4 Rxc4 25. g3 Rc2 26. a4 R8c3+
27. Kg4 Rxf2 28. Rd4 f5+ 29. Kh3 g5 30. a5 Nf4+ 31. Rxf4 Rxf4 32. Kg2 Rc2+ 33.
Kh3 Rff2 0-1

[Event "AUTO-ADV-1966"]
[Site "http://www.queenalice.com/game.php?id=911920"]
[Date "2011.3.12"]
[Round "2"]
[White "maubert"]
[Black "plug"]
[Result "1-0"]
[WhiteElo "2165"]
[BlackElo "1852"]

1. d4 Nf6 2. c4 e6 3. Nc3 Bb4 4. Qc2 O-O 5. a3 Be7 6. e4 d6 7. Nf3 c6 8. e5 dxe5
9. dxe5 Nfd7 10. Bd3 g6 11. O-O a5 12. Bf4 Nc5 13. Rad1 Nba6 14. Bxg6 Qxd1 15.
Bxh7+ Kg7 16. Rxd1 Rh8 17. Ng5 Bxg5 18. Bxg5 Rxh7 19. Bf6+ Kh6 20. Qd2+ Kg6 21.
Qg5# 1-0

[Event "Bategoll_78"]
[Site "http://www.queenalice.com/game.php?id=1366842"]
[Date "2015.6.23"]
[Round "-"]
[White "plug"]
[Black "Bategoll"]
[Result "0-1"]
[WhiteElo "1847"]
[BlackElo "1752"]

1. e4 c5 2. Nf3 Nc6 3. d4 cxd4 4. Nxd4 Nxd4 5. Qxd4 e6 6. Bd3 Nf6 7. Nc3 Be7 8.
Bd2 b6 9. h3 Bb7 10. O-O O-O 11. Qe3 Re8 12. Qe2 e5 13. a3 d5 14. Bb5 Rf8 15.
Rad1 d4 16. Bg5 Qc8 17. Nd5 Nxd5 0-1

[Event "Challenge"]
[Site "http://www.queenalice.com/game.php?id=1379612"]
[Date "2015.8.25"]
[Round "-"]
[White "plug"]
[Black "Bategoll"]
[Result "0-1"]
[WhiteElo "1851"]
[BlackElo "1814"]

1. e4 e5 2. Nf3 d6 3. d4 exd4 4. Nxd4 c5 5. Bb5+ Bd7 6. Bxd7+ Qxd7 7. Nf3 Nc6 8.
O-O Nf6 9. Nc3 Be7 10. Re1 O-O 11. Bg5 Qc7 12. a3 Rfe8 13. h3 Rad8 14. Nd2 Nd4
15. Nd5 Nxd5 16. exd5 Bxg5 17. c3 Nf5 18. Nf3 Rxe1+ 19. Qxe1 Bf6 20. g4 Ne7 21.
Qd2 Ng6 22. Rc1 Ne5 23. Nh2 Nc4 24. Qe2 Nb6 25. c4 Kf8 26. Re1 Be5 27. Nf3 Re8
28. Qc2 g6 29. b3 Qd7 30. Kf1 f5 31. g5 Qf7 32. h4 Bf4 33. Rxe8+ Qxe8 34. Ng1
Qe5 35. Qb1 Qd4 36. Ne2 Qd2 37. Ng1 Qc1+ 38. Qxc1 Bxc1 39. a4 Kg7 40. Ne2 Bb2
41. Nf4 Nd7 42. Ke2 Be5 43. Ne6+ Kf7 44. Nd8+ Ke7 45. Nxb7 Bc3 46. Kd3 Bb4 47.
a5 Ne5+ 48. Ke2 a6 49. f3 Kd7 0-1

[Event "AUTO-ADV-3517"]
[Site "http://www.queenalice.com/game.php?id=1389993"]
[Date "2015.10.20"]
[Round "1"]
[White "Guilherme_Ottoni"]
[Black "plug"]
[Result "1-0"]
[WhiteElo "2106"]
[BlackElo "1834"]

1. e4 c5 2. Nf3 Nc6 3. Bb5 e6 4. Bxc6 bxc6 5. d3 Qc7 6. O-O Ne7 7. Ng5 Ng6 8.
Be3 d5 9. c3 h6 10. Nf3 Be7 11. Nbd2 Ba6 12. Nb3 Rd8 13. Bxc5 dxe4 14. Nfd4 Bxd3
15. Re1 Bxc5 16. Nxc5 Qb6 17. Nxd3 exd3 18. Re3 O-O 19. Nb3 Nf4 20. g3 Nh3+ 21.
Kg2 Ng5 22. Rxd3 Ne4 23. Qe2 Nxf2 24. Rxd8 Rxd8 25. Qxf2 Qc7 26. Re1 Rd5 27. Re2
Rf5 28. Qe1 Rd5 29. Nd4 e5 30. Nf3 f6 31. Rd2 Qb7 32. Rxd5 cxd5 33. Qd2 g5 34.
Kf2 Kg7 35. Qc2 1-0

[Event "AUTO-ADV-3517"]
[Site "http://www.queenalice.com/game.php?id=1389994"]
[Date "2015.10.20"]
[Round "1"]
[White "plug"]
[Black "Guilherme_Ottoni"]
[Result "0-1"]
[WhiteElo "1829"]
[BlackElo "2110"]

1. e4 e5 2. Nf3 Nc6 3. Bb5 a6 4. Ba4 Nf6 5. O-O Be7 6. Re1 b5 7. Bb3 d6 8. c3
O-O 9. h3 Na5 10. Bc2 c5 11. d4 Qc7 12. Nbd2 Bd7 13. b3 cxd4 14. cxd4 Rac8 15.
dxe5 dxe5 16. Bd3 Qc3 17. Rb1 Qxd3 18. Nxe5 Qd6 19. Bb2 Nc6 20. Nef3 Qb8 21. e5
Nd5 22. Nf1 Be6 23. Ng3 Rfd8 24. Qe2 Nf4 25. Qe4 Nd3 26. Rf1 Nxb2 27. Rxb2 Bd5
28. Qf4 f6 29. Re2 Bxf3 30. Qxf3 Nxe5 31. Qf5 Rc6 32. Ne4 g6 33. Qf4 Nd3 34.
Qxb8 Rxb8 0-1

[Event "AUTO-ADV-3517"]
[Site "http://www.queenalice.com/game.php?id=1390005"]
[Date "2015.10.20"]
[Round "1"]
[White "mvson33"]
[Black "plug"]
[Result "0-1"]
[WhiteElo "2037"]
[BlackElo "1827"]

1. Nf3 Nf6 2. d4 g6 3. Bf4 Bg7 4. h3 O-O 5. e3 d6 6. c4 c5 7. Nc3 Qa5 8. Bd3
cxd4 9. exd4 e5 10. dxe5 dxe5 11. Nxe5 Nh5 12. Nxg6 hxg6 13. Bd2 Qe5+ 14. Be3
Nc6 15. O-O Rd8 16. a3 Bf5 0-1

[Event "AUTO-ADV-3517"]
[Site "http://www.queenalice.com/game.php?id=1390006"]
[Date "2015.10.20"]
[Round "1"]
[White "plug"]
[Black "mvson33"]
[Result "1-0"]
[WhiteElo "1846"]
[BlackElo "1857"]

1. e4 c5 2. Nf3 Nc6 3. Bb5 Qc7 4. O-O d6 5. Bxc6+ Qxc6 6. d4 Bg4 7. d5 Qc7 8. h3
Bd7 9. Nc3 Nf6 10. Re1 g6 11. Bf4 Bg7 12. e5 dxe5 13. Bxe5 Qc8 14. Bd6 O-O 15.
Bxe7 Re8 16. d6 Be6 17. Nb5 Nd5 18. Bh4 Bxb2 19. Rb1 Nc3 20. Nxc3 Bxc3 21. Re3
Bg7 22. a3 Qd7 23. Bg3 Rad8 24. Ne1 Bf5 25. Rxe8+ Rxe8 26. Rb3 b6 27. Nf3 Be5
28. Nxe5 Qe6 29. Re3 Qf6 30. Nc6 Rxe3 31. fxe3 Qg5 32. Ne7+ Kg7 33. Qa1+ Kh6 34.
Ng8+ 1-0

[Event "AUTO-ADV-3517"]
[Site "http://www.queenalice.com/game.php?id=1390011"]
[Date "2015.10.20"]
[Round "1"]
[White "Givanildo"]
[Black "plug"]
[Result "0-1"]
[WhiteElo "1721"]
[BlackElo "1824"]

1. e3 e5 2. d4 exd4 3. Qxd4 Nc6 4. Qe4+ Be7 5. Bd2 Nf6 6. Qf3 d5 7. Bb5 O-O 8.
h3 Ne5 9. Qe2 c6 10. Ba4 Qb6 11. Bb3 Ne4 12. Na3 Be6 13. Nf3 Nxf3+ 14. gxf3 Nxd2
15. Kxd2 Bf6 16. c3 c5 17. f4 c4 18. Bc2 Qxb2 19. f5 Bd7 20. Qg4 Qxa3 21. Ke2
Qxc3 22. Rac1 Qe5 23. f4 Qe7 24. Rhg1 d4 25. Rg3 d3+ 26. Bxd3 cxd3+ 27. Kf2 Qe4
28. Rc7 Bxf5 29. Qd1 Bh4 30. Qd2 Bxg3+ 31. Kxg3 Rfe8 32. Rc5 Qxe3+ 33. Qxe3
Rxe3+ 34. Kh4 Rxh3+ 35. Kg5 g6 36. Kf6 Re8 37. Rd5 Re6+ 38. Kg5 Rh5# 0-1

[Event "AUTO-ADV-3517"]
[Site "http://www.queenalice.com/game.php?id=1390012"]
[Date "2015.10.20"]
[Round "1"]
[White "plug"]
[Black "Givanildo"]
[Result "1-0"]
[WhiteElo "1836"]
[BlackElo "1689"]

1. e4 e6 2. d4 d5 3. Nc3 Bb4 4. e5 Bd7 5. Nf3 h6 6. h4 Bxc3+ 7. bxc3 a6 8. Be2
Nc6 9. Rb1 b5 10. Bd3 Nge7 11. Ba3 O-O 12. O-O Nf5 13. Bxf8 Qxf8 14. g4 Nfe7 15.
Qc1 Na5 16. h5 Nc4 17. Qf4 c6 18. Nh4 f6 19. Bxc4 dxc4 20. Qg3 f5 21. f4 fxg4
22. Qxg4 Qf7 23. Rf2 Nd5 24. Rf3 Rf8 25. Rbf1 Be8 26. Ng6 Qf5 27. Qxf5 Rxf5 28.
Rh3 Bxg6 29. hxg6 Nxf4 30. Rhf3 Ne2+ 31. Kf2 Nxc3 32. Rxf5 exf5 33. a3 Ne4+ 34.
Ke3 Ng3 35. Rf3 f4+ 36. Kxf4 Ne2+ 37. Ke4 h5 38. e6 h4 39. e7 Ng1 40. Rf8# 1-0